000 00286nam a22001337a 4500
008 170825b xxu||||| |||| 00| 0 eng d
020 _a9780495798521
041 _aeng
080 _a070
100 _a39
101 _aMED
245 _aPUBLIC SPEAKING
_cCOOPMEN.SJ
942 _2udc
_cBK
999 _c25123
_d25123